Municípios da Região Metropolitana do Sertão (AL) no mapa - Statistics

Estatísticas Gerais
  • Esse quiz foi jogado 28 vezes
  • A pontuação média é 6 de 7
Respostas no mapa
Respostas codificadas por cores de uma escala verde-vermelha no mapa do quiz de acordo com a % correta abaixo.
 
Estatísticas das Respostas
Município % Correto
Água Branca
100%
Delmiro Gouveia
100%
Mata Grande
92%
Pariconha
92%
Inhapi
85%
Olho d'Água do Casado
85%
Piranhas
62%
Nenhum quiz correspondente encontrado
Distribuição das Pontuações
Porcentagem de Pessoas com Cada Pontuação
Percentil de Números Respondidos
Sua Pontuação Histórica
Você não jogou esse quiz